Rare case of interspecific hybridation in the tracheophone suboscines Chesnut-naped Antpitta Grallaria nuchalis x Chestnut-crowned Antpitta G. ruficapilla in a fragmented Andean landscapeCorantioquia (Registro nro. 13594)

Detalles MARC
000 -CABECERA
Campo de control 008880000a22002530004500
090 ## - CLASIFICACIÓN LOCAL
Colección AR
Consecutivo 04495
044 ## - PAÍS DE PUBLICACIÓN
País de publicación
041 0# - IDIOMA
Código de idioma para texto/pista de sonido o título separado
100 1# - ASIENTO PRINCIPAL--NOMBRE PERSONAL
Nombre personal Cadena, Carlos Daniel
245 10 - MENCION DE TITULO
Título Rare case of interspecific hybridation in the tracheophone suboscines Chesnut-naped Antpitta Grallaria nuchalis x Chestnut-crowned Antpitta G. ruficapilla in a fragmented Andean landscapeCorantioquia
651 #4 - ASIENTO SECUNDARIO DE MATERIA - NOMBRE GEOGRAFICO
-- Colombia
-- Tolima
-- Roncesvalles
700 1# - ASIENTO SECUNDARIO - NOMBRE PERSONAL
Nombre personal López Lanús, Bernabé
700 1# - ASIENTO SECUNDARIO - NOMBRE PERSONAL
Nombre personal Bates, John M.
700 1# - ASIENTO SECUNDARIO - NOMBRE PERSONAL
Nombre personal Krabbe, Niels
700 1# - ASIENTO SECUNDARIO - NOMBRE PERSONAL
Nombre personal Rice, Nathan H.
700 1# - ASIENTO SECUNDARIO - NOMBRE PERSONAL
Nombre personal Stiles, F. Gary
700 1# - ASIENTO SECUNDARIO - NOMBRE PERSONAL
Nombre personal Palacio, Juan Diego
700 1# - ASIENTO SECUNDARIO - NOMBRE PERSONAL
Nombre personal Salaman, Paul
773 1# - Item fuente:
Título Ibis
Paginas del Articulo 814-825
Lugar, editorial y fecha de publicación 2007
Información sobre la relación 149
942 ## - ELEMENTOS ADICIONALES (KOHA)
Tipo de ítem Artículo
Existencias
Withdrawn status Lost status Damaged status No para préstamo Colección Ubicación Permanente Ubicación actual Datos de publicación Seriada Total Checkouts Número topográfico Inventario / Código de Barras Date last seen Ejemplar Price effective from Forma de adquisición Tipo de material
      No para Préstamo Hemeroteca Bogotá Bogotá Fuera de circulación   AR 04495 027233 25/03/2015 1 25/03/2015   Artículo